Southville International School and Colleges
Your cart is empty.
  • Cart
  • Lists
    Public lists Eva Luna New books Lux_list list_1
    Your lists Log in to create your own lists
  • Log in to your account
  • Your cookies
  • Search history
Southville International School and Colleges
  • Advanced search
  • Recent comments
  • Most popular
  • Libraries

Log in to your account

Log in with GOOGLE


If you do not have an external account, but do have a local account, you can still log in:

  1. Home
  2. MARC view: Winnie the pooh and the windy day /
Normal view MARC view ISBD view

Winnie the pooh and the windy day / (Record no. 105563)

[ view plain ]
MARC details
000 -LEADER
fixed length control field 00553nam a2200181 a 4500
005 - DATE AND TIME OF LATEST TRANSACTION
control field 20140412111406.0
008 - FIXED-LENGTH DATA ELEMENTS--GENERAL INFORMATION
fixed length control field 070718s19uu xx 00 eng d
020 ## - INTERNATIONAL STANDARD BOOK NUMBER
International Standard Book Number 0-7172-8440-9
050 ## - LIBRARY OF CONGRESS CALL NUMBER
Classification number ER
Item number Wa17 1984
100 ## - MAIN ENTRY--PERSONAL NAME
Personal name Milne, A.A.
245 ## - TITLE STATEMENT
Title Winnie the pooh and the windy day /
Statement of responsibility, etc A.A. Milne.
260 ## - PUBLICATION, DISTRIBUTION, ETC. (IMPRINT)
Place of publication, distribution, etc U.S.A :
Name of publisher, distributor, etc Walt disney,
Date of publication, distribution, etc 1984.
440 ## - SERIES STATEMENT/ADDED ENTRY--TITLE
Title Disney's wonderful world of reading
520 ## - SUMMARY, ETC.
Summary, etc Misfortune befalls pooh and all his friends one windy windsay
650 ## - SUBJECT ADDED ENTRY--TOPICAL TERM
Topical term or geographic name as entry element Toys-- fiction
650 ## - SUBJECT ADDED ENTRY--TOPICAL TERM
Topical term or geographic name as entry element Wind-- fiction
Holdings
Withdrawn status Lost status Damaged status Home library Current library Shelving location Date acquired Source of acquisition Total Checkouts Full call number Barcode Date last seen Price effective from Koha item type
      Elizalde Library Elizalde Library Easy Reading Section 07/18/2007     ER Wa17 1984 E10345 04/12/2014 04/12/2014 Books

Winnie the pooh and the windy day /

APA

Milne A., . (1984). Winnie the pooh and the windy day. U.S.A: Walt disney.

Chicago

Milne A.A, . 1984. Winnie the pooh and the windy day. U.S.A: Walt disney.

Harvard

Milne A., . (1984). Winnie the pooh and the windy day. U.S.A: Walt disney.

MLA

Milne A.A, . Winnie the pooh and the windy day. U.S.A: Walt disney. 1984.

  • Place hold
  • Print
  • Cite
  • Add to your cart (remove)
  • Save record
    BIBTEX Dublin Core MARCXML MARC (non-Unicode/MARC-8) MARC (Unicode/UTF-8) MARC (Unicode/UTF-8, Standard) MODS (XML) RIS
  • More searches
    Search for this title in:
    Other Libraries (WorldCat) Other Databases (Google Scholar) Online Stores (Bookfinder.com) Open Library (openlibrary.org)

Exporting to Dublin Core...

SOUTHVILLE LIBRARY

Southville International School and Colleges Library

1281 Tropical Ave. Cor. Luxembourg St., BF Homes International, Las Pinas City

Tel. No. 8256374 / 252358 Loc. 117/146

Powered by Koha